|
|
|
|
| LEADER |
00000nam a2200000 a 4500 |
| 001 |
vtls001283310 |
| 003 |
SK-MaSNL |
| 005 |
20260301064804.0 |
| 008 |
251124s1995 RO 0 rum |
| 020 |
|
|
|a 9733504580
|c 25,50
|
| 035 |
|
|
|a SNK000234773
|
| 040 |
|
|
|a SNK
|b slo
|c SNK
|e AACR2
|
| 044 |
|
|
|a RO
|
| 080 |
|
|
|a 929 Eminescu, M.:949.84"18"
|2 1981
|
| 100 |
1 |
|
|a Vatamaniuc, D.
|4 aut
|9 382582
|
| 245 |
1 |
0 |
|a Eminescu şi Transilvania
|c D. Vatamaniuc
|
| 260 |
|
|
|a Cluj-Napoca
|b Editura Dacia
|c 1995
|
| 300 |
|
|
|a 239 s.
|c 21 cm
|
| 600 |
1 |
|
|a Eminescu, Mihai,
|d 1850-1889
|2 SNK
|9 113012
|
| 919 |
|
|
|a 973-35-0458-0
|
| 999 |
|
|
|c 628239
|d 630169
|
| 952 |
|
|
|t P60, <04>, [BOOK], {604}
|a SNK
|b SNK
|y VYP
|7 0
|p 17A0059589
|o snkIC 126451
|i snkV 841/97
|0 0
|1 0
|4 0
|d 1997-04-14
|l 0
|r 2005-01-02 00:00:00
|w 2026-02-23
|